000 00553nam a22001817a 4500
005 20250221131627.0
008 241128b ||||| |||| 00| 0 spa d
020 _a968-16-3279-6
082 1 4 _214
_a320.1
100 1 _921203
_aCrozier, Michel
245 1 0 _aEstado modesto, Estado moderno :
_bestrategia para el cambio /
_cMichel Crozier
260 _aMéxico:
_bFondo de Cultura Económica,
_c1993
300 _a292 p.
650 2 7 _2unescot
_9548
_aPOLITICA
650 2 7 _2unescot
_91075
_aESTADO
651 2 7 _2unescot
_91758
_aFRANCIA
942 _2ddc
_cLIBRO
999 _c10718
_d10718
980 _619226
_a Palazón Marcela I.
_819226
_g Palazón Marcela I.